Malay Archipelago Map Quiz - Statistics

General Stats
  • This quiz has been taken 377 times
  • The average score is 11 of 20
Answers on the Map
Answers color-coded by a green-red scale on the quiz's map according to % correct below.
 
Answer Stats
Answer % Correct
Borneo
94%
New Guinea
92%
Sumatra
91%
Java
89%
Sulawesi
82%
Timor
81%
Luzon
77%
Mindanao
73%
Palawan
51%
Flores
44%
Negros
41%
Mindoro
35%
Panay
34%
Yos Sudarso
32%
Halmahera
29%
Seram
29%
Bangka
28%
Sumba
27%
Sumbawa
25%
Samar
23%
No matching quizzes found
Score Distribution
Percent of People with Each Score
Percentile by Number Answered
Your Score History
You have not taken this quiz